000 00346nab a22001097u 4500
008 130520b1986 xxu||||| |||| 00| 0 spa d
041 _aspa
100 1 _aMorrisey, F.
_967374
245 0 0 _aEl nuevo Código, ¿avance para la legislación de la Iglesia?
_cF. Morrisey
773 0 _tConcilium
_gV.1,1986,págs.355-368
_x0210-1041
_wRev134
942 _cAR
999 _c355204
_d355204